[Event "World Rapid Women 2025"]
[Site "Doha QAT"]
[Date "2025.12.27"]
[Round "8.45"]
[White "Zhurova, Anna"]
[Black "Tarasenka, Aliaksandra"]
[Result "1-0"]
[WhiteTitle "WFM"]
[BlackTitle "WIM"]
[WhiteElo "2299"]
[BlackElo "2266"]
[WhiteFideId "54113075"]
[BlackFideId "13514288"]
[EventDate "2025.12.26"]

1. e4 c5 2. Nf3 e6 3. c3 d5 4. e5 d4 5. d3 Bd7 6. g3 Bc6 7. Bg2 Ne7 8. O-O Ng6
9. h4 Nd7 10. Re1 Qc7 11. Qe2 Bxf3 12. Bxf3 Ngxe5 13. Bg2 Bd6 14. Na3 a6 15. Bf4
dxc3 16. bxc3 O-O 17. Rab1 Rab8 18. d4 cxd4 19. cxd4 Nc6 20. Bxd6 Qxd6 21. Nc4
Qc7 22. Red1 Nf6 23. Ne5 Ne7 24. h5 Ned5 25. Rbc1 Qa5 26. h6 g6 27. Rc5 Qd8 28.
Qf3 Ne8 29. Qb3 Ne7 30. d5 exd5 31. Bxd5 Nxd5 32. Rcxd5 Qe7 33. Nd7 Nf6 34. Qc3 1-0

[Event "World Rapid Women 2025"]
[Site "Doha QAT"]
[Date "2025.12.27"]
[Round "8.46"]
[White "Kurmangaliyeva, Liya"]
[Black "Charkhalashvili, Inga"]
[Result "1-0"]
[WhiteTitle "FM"]
[BlackTitle "WGM"]
[WhiteElo "2339"]
[BlackElo "2235"]
[WhiteFideId "13725831"]
[BlackFideId "13601431"]
[EventDate "2025.12.26"]

1. Nf3 Nf6 2. g3 b6 3. Bg2 Bb7 4. O-O e6 5. c4 Be7 6. Nc3 O-O 7. Re1 d5 8. cxd5
exd5 9. d4 Nbd7 10. Bf4 c6 11. h3 Re8 12. Rc1 Nf8 13. Ne5 Ne6 14. Be3 Bd6 15.
Nd3 Rc8 16. a3 c5 17. dxc5 bxc5 18. Nb5 Ba6 19. Qa4 Bxb5 20. Qxb5 Qb6 21. Qa4 d4
22. Bd2 Qb8 23. e4 dxe3 24. Bxe3 Red8 25. Qc4 Nd7 26. Red1 Nb6 27. Qh4 Nd7 28.
Bd5 Ndf8 29. Bc4 Nd4 30. Bxd4 cxd4 31. Re1 Qb7 32. Qg4 Rc7 33. h4 h6 34. Qf5 Re7
35. Rxe7 Qxe7 36. Re1 Qc7 37. Bd5 Qd7 38. Qf3 Bb8 39. Bc4 Rc8 40. b3 Ng6 41. h5
Nf8 42. Qe4 Nh7 43. Rd1 Ng5 44. Qe2 Qf5 45. f4 Ne4 46. g4 Nc3 47. Qf3 Qf6 48.
Re1 Bd6 49. a4 Rd8 50. Kg2 g6 51. hxg6 Qxg6 52. Kh3 Kg7 53. Qf2 Qf6 54. a5 Kf8
55. a6 Kg7 56. Qf3 Be7 57. Kg2 Bd6 58. Qf2 Kf8 59. Qf3 Kg7 60. Kh3 Be7 61. Re5
Qd6 62. Rf5 f6 63. Rh5 Qc7 64. Rf5 Qd6 65. Rh5 Qc7 66. Kg2 Qd6 67. Rh1 Qc7 68.
Re1 Bd6 69. Qf2 Qc6+ 70. Kg1 Ne4 71. Qf3 Re8 72. Nf2 f5 73. gxf5 Bb4 74. Rxe4
Kf6 75. Ng4+ 1-0

[Event "World Rapid Women 2025"]
[Site "Doha QAT"]
[Date "2025.12.27"]
[Round "8.47"]
[White "Gaal, Zsoka"]
[Black "Shubenkova, Veronika"]
[Result "0-1"]
[WhiteTitle "IM"]
[BlackTitle "WFM"]
[WhiteElo "2374"]
[BlackElo "2013"]
[WhiteFideId "777765"]
[BlackFideId "44124040"]
[EventDate "2025.12.26"]

1. d4 d5 2. c4 e6 3. Nc3 f5 4. Bf4 c6 5. e3 Nf6 6. Bd3 Bd6 7. Nge2 O-O 8. O-O
Bxf4 9. Nxf4 Qd6 10. h4 Nbd7 11. cxd5 Nxd5 12. Ncxd5 exd5 13. Qc2 Nb6 14. Be2
Qf6 15. h5 Be6 16. a4 Nd7 17. a5 a6 18. g3 Rf7 19. Kg2 Re8 20. Ra3 Nf8 21. Nd3
Rfe7 22. Rh1 Bc8 23. Bf3 Ne6 24. Rc3 Bd7 25. Rb3 Bc8 26. Rb6 Qf8 27. Ne5 Ng5 28.
Rh4 Nf7 29. Nd3 Rd8 30. Rb3 Ng5 31. Ra3 Qe8 32. Ra1 Be6 33. Nf4 Qd7 34. Be2 Rf8
35. Rah1 Bf7 36. Bd3 Ne4 37. Bxe4 fxe4 38. Qe2 Be6 39. Ng6 Ref7 40. Nxf8 Rxf8
41. Ra1 Rf3 42. Qd2 Bg4 43. Qb4 Rf7 44. Kf1 Qf5 45. Qd2 Qf3 46. Kg1 h6 47. Qe1
Qf5 48. Rxg4 Qxg4 49. Qd1 Qh3 50. Ra3 Rf5 51. Qf1 Qxh5 52. Rb3 Rf7 53. Rc3 Qg4
54. b4 h5 55. b5 cxb5 56. Rc5 h4 57. Rxd5 hxg3 58. f4 exf3 59. Rd8+ Kh7 60. Qd3+
g6 61. Qb3 f2+ 62. Kf1 g2# 0-1

[Event "World Rapid Women 2025"]
[Site "Doha QAT"]
[Date "2025.12.27"]
[Round "8.48"]
[White "Kaliakhmet, Elnaz"]
[Black "Aydin, Gulenay"]
[Result "1/2-1/2"]
[WhiteTitle "WIM"]
[BlackTitle "WIM"]
[WhiteElo "2329"]
[BlackElo "2259"]
[WhiteFideId "13730169"]
[BlackFideId "34557431"]
[EventDate "2025.12.26"]

1. d4 Nf6 2. c4 g6 3. Nc3 Bg7 4. e4 d6 5. h3 Nbd7 6. Be3 e5 7. d5 Nc5 8. Qc2 a5
9. Nf3 O-O 10. g4 h5 11. g5 Nfd7 12. Rg1 c6 13. O-O-O Qc7 14. Kb1 a4 15. Be2 Nb8
16. h4 Nba6 17. a3 Bd7 18. Nd2 Rab8 19. f3 Rfe8 20. Ka2 Qa5 21. Ndb1 Red8 22.
Bd2 Nb3 23. Nxa4 Nxd2 24. Qxd2 Qc7 25. dxc6 bxc6 26. Nbc3 Be6 27. b3 Qb7 28. Qc2
Bf8 29. Rb1 Ra8 30. Rgd1 Rdb8 31. Rb2 Qe7 32. Kb1 Ra7 33. b4 Raa8 34. b5 cxb5
35. cxb5 Nc5 36. Nxc5 dxc5 37. a4 c4 38. Ra2 Qa7 39. Nd5 Bc5 40. Bxc4 Bd4 41.
Nf6+ Kh8 42. Bxe6 fxe6 43. Qb3 Rc8 44. a5 Qc5 45. Rc2 Qa7 46. Rxc8+ Rxc8 47. Rc1
Rxc1+ 48. Kxc1 Qxa5 49. Qc4 Qe1+ 50. Kc2 Qf2+ 51. Kb3 Qb2+ 52. Ka4 Qa1+ 53. Kb4
Qe1+ 54. Ka3 Qa1+ 55. Kb4 Qe1+ 56. Ka4 Qa1+ 57. Kb3 Qb2+ 58. Ka4 Qa1+ 59. Kb4
Qe1+ 60. Ka3 Qa1+ 61. Kb3 1/2-1/2

[Event "World Rapid Women 2025"]
[Site "Doha QAT"]
[Date "2025.12.27"]
[Round "8.49"]
[White "Gu, Xiaobing"]
[Black "Luong Phuong Hanh"]
[Result "1/2-1/2"]
[WhiteTitle "WGM"]
[BlackTitle "WIM"]
[WhiteElo "2106"]
[BlackElo "2236"]
[WhiteFideId "8602611"]
[BlackFideId "12401013"]
[EventDate "2025.12.26"]

1. e4 c5 2. Nc3 g6 3. g3 Bg7 4. Bg2 Nc6 5. d3 Nf6 6. Be3 d6 7. h3 Rb8 8. f4 O-O
9. Nf3 b5 10. O-O b4 11. Ne2 Bb7 12. f5 Nd7 13. Qc1 Re8 14. Bh6 Bh8 15. h4 Nf6
16. Bh3 c4 17. Qg5 cxd3 18. fxg6 hxg6 19. Be6 Kh7 20. Bxf7 Rg8 21. Nf4 Qb6+ 22.
Kh2 Ne5 23. Nxe5 Bxe4 24. Bxg8+ Rxg8 25. Nexg6 Bxg6 26. Ne6 Qb8 27. h5 Bxh5 28.
Nf8+ Qxf8 29. Bxf8 Rxg5 30. cxd3 Re5 31. Rae1 Ng4+ 32. Kh3 Ne3 33. Rf4 Bf6 34.
Rxb4 Bf3 35. g4 Bxg4+ 36. Kg3 Kg8 37. Rb8 Kf7 38. Rh1 Bf5 39. Bh6 Bxd3 40. Bf4
Nf5+ 41. Kg4 Be2+ 42. Kh3 Re4 43. Rh2 Bf1+ 44. Kg4 e5 45. Rf2 Bd3 46. Rb3 Be2+
47. Kxf5 Rxf4+ 48. Rxf4 exf4 49. Rb7+ Be7 50. Kxf4 a6 51. Ke3 Bb5 52. b3 Ke6 53.
a4 Bg5+ 54. Kd4 Be2 55. b4 Bd1 56. b5 axb5 57. a5 Bh4 58. a6 Bf2+ 59. Kd3 Bf3
60. Rxb5 Bc5 61. Ra5 Ba7 62. Rg5 Bc6 63. Rg6+ Kd5 64. Rg5+ Ke6 65. Rg6+ Ke5 66.
Rg5+ Kf6 67. Rh5 Bd7 68. Rh6+ Ke5 69. Rh5+ Kf6 70. Rh6+ Ke5 71. Rh5+ Bf5+ 72.
Kc4 Ke6 73. Kb5 Bd3+ 74. Kc6 Bxa6 75. Ra5 Bc5 76. Rxa6 Ke5 77. Ra1 Ke4 78. Rd1
Ke5 79. Kb5 Bd4 80. Kc4 d5+ 81. Kd3 Bc5 82. Rh1 Bf8 83. Rh5+ Ke6 84. Rg5 Be7 85.
Rh5 Bf8 86. Ke3 Bg7 87. Kf4 Bb2 88. Rh6+ Ke7 89. Kf5 Kd7 90. Re6 Bc3 91. Re3 Bb2
92. Rb3 Ba1 93. Rb6 Bc3 94. Rb3 Ba1 95. Rd3 Kd6 1/2-1/2

[Event "World Rapid Women 2025"]
[Site "Doha QAT"]
[Date "2025.12.27"]
[Round "8.50"]
[White "Mamedjarova, Zeinab"]
[Black "Ismayil, Malak"]
[Result "1-0"]
[WhiteTitle "WGM"]
[BlackTitle "WIM"]
[WhiteElo "2155"]
[BlackElo "2138"]
[WhiteFideId "13401521"]
[BlackFideId "13412604"]
[EventDate "2025.12.26"]

1. d4 Nf6 2. Nf3 e6 3. Bf4 b6 4. e3 Bb7 5. Nbd2 Be7 6. Be2 Nh5 7. Bg3 Nxg3 8.
hxg3 d6 9. c3 Nd7 10. Qc2 h6 11. O-O-O c5 12. Kb1 Qc7 13. g4 O-O-O 14. Qa4 Kb8
15. Ne1 e5 16. Bf3 d5 17. c4 cxd4 18. Bxd5 Nc5 19. Qc2 Bxd5 20. cxd5 dxe3 21.
Nc4 exf2 22. Nf3 f6 23. Nh4 Rhe8 24. Nf5 Bf8 25. Qxf2 Qb7 26. Nfe3 Rd7 27. Qf5
Red8 28. Rc1 Qa6 29. Rhd1 Nb7 30. Qd3 Nc5 31. Qf1 Qb7 32. Qf5 Na6 33. a3 Bc5 34.
Qf3 Nc7 35. Na5 bxa5 36. Rxc5 a4 37. Rc4 a5 38. Rxa4 Nxd5 39. Nxd5 Rxd5 40. Rc1
Rb5 41. Qe2 Rd7 42. Rac4 Qd5 43. Rc8+ Kb7 44. Qc2 Rb6 45. Ka1 Ka7 46. Qa4 Rbb7
47. R8c5 Qd3 48. Rxa5+ 1-0

[Event "World Rapid Women 2025"]
[Site "Doha QAT"]
[Date "2025.12.27"]
[Round "8.51"]
[White "Wafa, Shahenda"]
[Black "Bayasgalan, Khishigbaatar"]
[Result "1-0"]
[WhiteTitle "WGM"]
[BlackTitle "WCM"]
[WhiteElo "2074"]
[BlackElo "2249"]
[WhiteFideId "10609962"]
[BlackFideId "4904311"]
[EventDate "2025.12.26"]

1. e4 c5 2. Nf3 e6 3. d4 cxd4 4. Nxd4 a6 5. c4 Qc7 6. Nc3 Nf6 7. a3 Be7 8. Be2
h5 9. f4 d6 10. Be3 Nbd7 11. b4 b6 12. Rc1 Bb7 13. Bf3 Rc8 14. O-O Qb8 15. Qd3
Qa8 16. Bf2 h4 17. Qe2 h3 18. g4 g6 19. Bg3 Rg8 20. g5 Nh7 21. Bg4 Rh8 22. Rfe1
Nhf8 23. Nd5 Bd8 24. f5 e5 25. Nf3 Nh7 26. fxg6 fxg6 27. Bxh3 Ndf8 28. Bxc8 Bxc8
29. c5 bxc5 30. bxc5 Bg4 31. Qe3 Ne6 32. cxd6 Nhxg5 33. Nxg5 Bxg5 34. Nc7+ Kd7
35. Nxa8 Bxe3+ 36. Rxe3 Rxa8 37. Bxe5 Rb8 38. h3 Bh5 39. Rf1 g5 40. Bg3 Rb2 41.
Rf2 Rb1+ 42. Kh2 Rd1 43. Rb2 Nd4 44. Rf2 Ke6 45. e5 Nf5 46. Re4 Be8 47. Ree2 Bc6
48. Rg2 Rd3 49. Rd2 Rxa3 50. Rg1 a5 51. Bf2 Bd7 52. Rxg5 Kf7 53. Bb6 1-0

[Event "World Rapid Women 2025"]
[Site "Doha QAT"]
[Date "2025.12.27"]
[Round "8.52"]
[White "Kirtadze, Anastasia"]
[Black "Gong, Qianyun"]
[Result "1-0"]
[WhiteTitle "WIM"]
[BlackTitle "WGM"]
[WhiteElo "2281"]
[BlackElo "2228"]
[WhiteFideId "13622714"]
[BlackFideId "8602425"]
[EventDate "2025.12.26"]

1. e4 e5 2. Nf3 Nc6 3. Bb5 a6 4. Ba4 d6 5. c4 Bd7 6. Nc3 g6 7. d4 Bg7 8. dxe5
Nxe5 9. Nxe5 Bxe5 10. Bc2 Be6 11. Qe2 Nf6 12. f4 Bd4 13. f5 Bd7 14. Be3 Bxe3 15.
Qxe3 Qe7 16. fxg6 fxg6 17. O-O-O O-O 18. h3 b5 19. Bb3 Be6 20. e5 Bxc4 21. Bxc4+
bxc4 22. e6 c6 23. g4 d5 24. Rhe1 a5 25. Qe5 Rae8 26. Rd2 Rd8 27. Rf2 Rde8 28.
a4 h6 29. Kb1 g5 30. Rf5 1-0

[Event "World Rapid Women 2025"]
[Site "Doha QAT"]
[Date "2025.12.27"]
[Round "8.53"]
[White "Khalilova, Madinabonu"]
[Black "Serikbay, Assel"]
[Result "1/2-1/2"]
[WhiteTitle "WCM"]
[BlackTitle "WIM"]
[WhiteElo "2241"]
[BlackElo "2221"]
[WhiteFideId "14223422"]
[BlackFideId "13706799"]
[EventDate "2025.12.26"]

1. d4 d5 2. c4 e6 3. Nf3 Nf6 4. g3 Bb4+ 5. Bd2 Be7 6. Bg2 O-O 7. O-O c6 8. Qc2
Nbd7 9. Bf4 b6 10. Nc3 Bb7 11. e4 dxc4 12. Rfd1 b5 13. a4 a6 14. h4 h6 15. Qe2
Qc8 16. Nh2 Re8 17. Rac1 Bf8 18. Bh3 Nb6 19. axb5 cxb5 20. d5 b4 21. Nb1 Qc5 22.
dxe6 Bxe4 23. Nd2 Bd5 24. Be3 Qb5 25. b3 c3 26. Qxb5 axb5 27. Bxb6 cxd2 28.
exf7+ Bxf7 29. Rxd2 Bxb3 30. Rb2 Bc4 31. Bf1 Rac8 32. Nf3 Nd5 33. Bd4 b3 34. Ne5
Ba3 35. Nxc4 Bxb2 36. Bxb2 bxc4 37. Bxc4 Rxc4 38. Rxc4 Re2 39. Rd4 Nf6 40. Rd8+
Kf7 41. Bxf6 gxf6 42. Rb8 b2 43. Kg2 Rc2 44. Kf3 Ke6 45. Ke3 Kd5 46. f3 Kc4 47.
Kf4 Rd2 48. g4 Kc3 49. Kf5 Rf2 50. Kxf6 Rxf3+ 51. Kg6 Rf4 52. Rxb2 Kxb2 53. g5
hxg5 54. hxg5 Kc3 55. Kh7 Kd4 56. g6 Rh4+ 57. Kg8 Ke5 58. g7 Kf6 59. Kf8 Rb4 60.
g8=N+ Ke6 61. Nh6 Rb7 62. Kg8 Kf6 63. Ng4+ Kf5 64. Ne3+ Kg6 65. Kf8 Rb5 66. Nc4
Kf6 67. Ke8 Rc5 68. Nb6 Ke6 69. Kd8 Rc6 70. Nc8 Rc2 71. Na7 Kd6 72. Nb5+ Kc5 73.
Nc7 Kc6 74. Ne8 Re2 75. Ng7 Re5 76. Ne8 Re4 77. Nf6 Rf4 78. Ke7 Kc5 79. Ke6 Kd4
80. Nd7 Re4+ 81. Kd6 Rh4 82. Nf6 Rh6 83. Ke6 Rg6 84. Kf5 Rg1 85. Ke6 Rf1 86. Nd7
Re1+ 87. Kd6 Rh1 88. Nf6 Rh6 89. Ke6 Rxf6+ 90. Kxf6 1/2-1/2

[Event "World Rapid Women 2025"]
[Site "Doha QAT"]
[Date "2025.12.27"]
[Round "8.54"]
[White "Bodnaruk, Anastasia"]
[Black "Sawan, Eman"]
[Result "1-0"]
[WhiteTitle "IM"]
[BlackTitle "WFM"]
[WhiteElo "2357"]
[BlackElo "1960"]
[WhiteFideId "4181751"]
[BlackFideId "11511729"]
[EventDate "2025.12.26"]

1. e4 c5 2. Nf3 d6 3. d4 cxd4 4. Nxd4 Nf6 5. Nc3 a6 6. Nb3 e5 7. Bg5 Be6 8. f4
exf4 9. Qd2 Nc6 10. O-O-O Be7 11. Bxf4 Ne5 12. h3 b5 13. Qe1 Qc7 14. Nd5 Bxd5
15. exd5 Rc8 16. c3 O-O 17. Kb1 Rb8 18. g4 Ng6 19. Bc1 Rfe8 20. Bg2 Bf8 21. Qf2
b4 22. cxb4 Rxb4 23. Rhe1 Reb8 24. Bd2 R4b5 25. Bc3 a5 26. Ka1 a4 27. Nd4 Rc5
28. Nc6 Rbb5 29. Bxf6 gxf6 30. Re8 a3 31. b3 Qd7 32. Rd8 Qb7 33. Qxf6 Rxb3 34.
axb3 Qxb3 35. Rb1 Qc2 36. Rxf8+ 1-0

[Event "World Rapid Women 2025"]
[Site "Doha QAT"]
[Date "2025.12.27"]
[Round "8.55"]
[White "Jiang, Tianyu"]
[Black "Zherebtsova, Alexandra"]
[Result "0-1"]
[BlackTitle "FM"]
[WhiteElo "2224"]
[BlackElo "2307"]
[WhiteFideId "8627215"]
[BlackFideId "24129518"]
[EventDate "2025.12.26"]

1. e4 e5 2. Nf3 Nc6 3. Bc4 Nf6 4. d3 Be7 5. O-O O-O 6. Nc3 d6 7. a3 Na5 8. Ba2
c5 9. Nd5 Nc6 10. c3 Be6 11. Ne1 Bxd5 12. exd5 Nb8 13. f4 Nbd7 14. Nf3 exf4 15.
Bxf4 Re8 16. Qd2 Rc8 17. c4 Nf8 18. h3 Ng6 19. Bh2 Qc7 20. Bb3 Nd7 21. Ba4 Bf6
22. h4 Nge5 23. Ng5 Ng4 24. Bg3 Re3 25. Bf4 Bd4 26. Kh1 Re7 27. Ne4 Nde5 28.
Rae1 h6 29. h5 Rf8 30. Ng3 f5 31. b4 b6 32. Ne2 Nf2+ 33. Rxf2 Bxf2 34. Rf1 Ng4
35. Ng1 Be3 36. Bxe3 Rxe3 37. Nh3 Qd8 38. Bd1 Ree8 39. Ba4 Re5 40. bxc5 bxc5 41.
Kg1 Qh4 42. Bd7 Qxh5 43. Be6+ Kh8 44. Qa5 Ne3 45. Rf2 Qd1+ 46. Kh2 Ng4+ 47. Kg3
Re3+ 48. Rf3 Rxf3+ 49. gxf3 Ne5 50. Kh2 Qxf3 51. Qc7 Ng4+ 52. Kg1 Qg3+ 53. Kf1
Qxh3+ 54. Ke1 Qe3+ 0-1

[Event "World Rapid Women 2025"]
[Site "Doha QAT"]
[Date "2025.12.27"]
[Round "8.56"]
[White "Gaboyan, Susanna"]
[Black "Yakubbaeva, Nilufar"]
[Result "1/2-1/2"]
[WhiteTitle "WIM"]
[BlackTitle "WGM"]
[WhiteElo "2182"]
[BlackElo "2229"]
[WhiteFideId "13303627"]
[BlackFideId "14204487"]
[EventDate "2025.12.26"]

1. Nf3 d5 2. g3 Nf6 3. Bg2 e6 4. O-O Be7 5. d3 O-O 6. Nbd2 Nc6 7. e4 dxe4 8.
dxe4 e5 9. Qe2 Bc5 10. Nc4 Qe7 11. c3 a5 12. Ne3 Be6 13. Ng5 Bc8 14. Nd5 Nxd5
15. exd5 Nb8 16. Qe4 f5 17. d6 fxe4 18. dxe7 Bxe7 19. Bxe4 Bxg5 20. Bxg5 c6 21.
Rad1 Nd7 22. Rd6 h6 23. Be3 Nf6 24. Bg2 Bf5 25. Rfd1 Kf7 26. f3 Be6 27. b3 Nd5
28. Bc5 Nxc3 29. Re1 Nb5 30. Rd2 Rfd8 31. Rde2 Rd5 32. Rxe5 Rxe5 33. Rxe5 a4 34.
Bf1 axb3 35. axb3 Ra1 36. Kg2 Ra2+ 37. Bf2 Nc3 38. b4 Nd1 39. Re2 Nxf2 40. Rxa2
Bxa2 41. Kxf2 Ke6 42. Ke3 1/2-1/2

[Event "World Rapid Women 2025"]
[Site "Doha QAT"]
[Date "2025.12.27"]
[Round "8.57"]
[White "Mgeladze, Kesaria"]
[Black "Dwilewicz, Katarzyna"]
[Result "1-0"]
[WhiteTitle "WIM"]
[BlackTitle "WFM"]
[WhiteElo "2195"]
[BlackElo "2185"]
[WhiteFideId "13621130"]
[BlackFideId "1148486"]
[EventDate "2025.12.26"]

1. e4 e5 2. Nf3 Nc6 3. Bb5 a6 4. Ba4 Nge7 5. c3 Ng6 6. d4 exd4 7. cxd4 d5 8.
exd5 Bb4+ 9. Nc3 Bxc3+ 10. bxc3 Qxd5 11. O-O O-O 12. Bb3 Qh5 13. Ba3 Nce7 14.
Ne5 Qh4 15. Nxg6 hxg6 16. Qe2 Re8 17. Rfe1 Bg4 18. Bxe7 Qh5 19. Bxf7+ Kh7 20. f3
Bd7 21. Bxe8 Rxe8 22. Qf2 1-0

[Event "World Rapid Women 2025"]
[Site "Doha QAT"]
[Date "2025.12.27"]
[Round "8.58"]
[White "Druzhinina, Olga"]
[Black "Nguyen Hong Nhung"]
[Result "1-0"]
[WhiteTitle "WFM"]
[BlackTitle "FM"]
[WhiteElo "2175"]
[BlackElo "2268"]
[WhiteFideId "4141911"]
[BlackFideId "12412201"]
[EventDate "2025.12.26"]

1. e4 c5 2. Nf3 e6 3. c3 Nf6 4. e5 Nd5 5. d4 cxd4 6. cxd4 d6 7. Bc4 Be7 8. O-O
O-O 9. Qe2 b6 10. Nc3 Nxc3 11. bxc3 Bb7 12. Bf4 Qc7 13. Rac1 Nc6 14. Bd3 dxe5
15. dxe5 Rfd8 16. h4 Na5 17. h5 Qd7 18. Rfd1 Qa4 19. Nd4 Bd5 20. Qg4 Bf8 21. Bg5
Rdc8 22. Bc2 Qa3 23. Rd3 Nc4 24. Rg3 Nxe5 25. Qe2 Qd6 26. Bf6 Nd7 27. Bxg7 Bxg7
28. h6 Nf6 29. Rxg7+ Kh8 30. Rxf7 Qf4 31. Re1 Rg8 32. Rg7 Rxg7 33. hxg7+ Kxg7
34. f3 Rc8 35. Qd3 Kf7 36. Nb5 Rd8 37. Nd4 Rg8 38. Kf1 e5 39. Nb5 Bc4 40. Nd6+
Ke6 41. Qxc4+ Kxd6 42. Rd1+ Ke7 43. Qc7+ 1-0

[Event "World Rapid Women 2025"]
[Site "Doha QAT"]
[Date "2025.12.27"]
[Round "8.59"]
[White "Lau, Chloe Hailey"]
[Black "Nguyen Hong Anh"]
[Result "0-1"]
[BlackTitle "WIM"]
[WhiteElo "1562"]
[BlackElo "2010"]
[WhiteFideId "6012469"]
[BlackFideId "12406732"]
[EventDate "2025.12.26"]

1. e4 c5 2. Nf3 d6 3. c3 Nf6 4. Be2 Nc6 5. d4 cxd4 6. cxd4 Nxe4 7. d5 Qa5+ 8.
Nc3 Nb8 9. O-O Nf6 10. Bf4 g6 11. Re1 Qb6 12. Rc1 Bd7 13. Qc2 Bg7 14. Bxd6 exd6
15. Bb5+ Kf8 16. Qe2 Bh6 17. Qe7+ Kg7 18. Bxd7 Nbxd7 19. Qe2 Bxc1 20. Rxc1 Rhe8
21. Qd2 Ne5 22. Nxe5 Rxe5 23. h3 Rae8 24. Rf1 Qa5 0-1

[Event "World Rapid Women 2025"]
[Site "Doha QAT"]
[Date "2025.12.27"]
[Round "8.60"]
[White "Liu, Shilan"]
[Black "Karimova, Guldona"]
[Result "0-1"]
[WhiteTitle "WGM"]
[BlackTitle "WIM"]
[WhiteElo "2109"]
[BlackElo "2288"]
[WhiteFideId "8600279"]
[BlackFideId "14210410"]
[EventDate "2025.12.26"]

1. e4 c5 2. Nf3 g6 3. d4 cxd4 4. Nxd4 Bg7 5. c4 Nc6 6. Be3 Qb6 7. Nb5 Qa5+ 8.
N5c3 d6 9. Be2 Nh6 10. O-O f5 11. Qd2 Ng4 12. exf5 Nxe3 13. Qxe3 Bxf5 14. Bd3
O-O 15. Bxf5 Qxf5 16. Nd2 Bd4 17. Qg3 Be5 18. Qf3 Qc8 19. Qd5+ e6 20. Qd3 Nb4
21. Qe2 Nc2 22. Rac1 Nd4 23. Qd3 Qd8 24. Nce4 d5 25. cxd5 exd5 26. Ng3 Qd6 27.
Nb3 Ne6 28. Rcd1 Rad8 29. Rd2 Nf4 30. Qc2 Rc8 31. Qd1 Rc4 32. Nd4 Qb6 33. Nde2
Bxb2 34. Nxf4 Rcxf4 35. Rxd5 Rxf2 36. Rxf2 Qxf2+ 37. Kh1 Bc3 38. Rd7 Rf7 39.
Rxf7 Qxf7 40. Ne2 Be5 41. a4 Kg7 42. Ng1 Qe7 43. Nf3 Bf6 44. h3 b6 45. Qd5 Qc7
46. Qb5 h6 47. Qb1 0-1

[Event "World Rapid Women 2025"]
[Site "Doha QAT"]
[Date "2025.12.27"]
[Round "8.61"]
[White "Rodriguez Redondo, Adhara"]
[Black "Miranda Rodriguez, Tania"]
[Result "1-0"]
[WhiteTitle "WFM"]
[BlackTitle "WIM"]
[WhiteElo "2207"]
[BlackElo "2051"]
[WhiteFideId "32065698"]
[BlackFideId "3510417"]
[EventDate "2025.12.26"]

1. e4 e5 2. Nf3 Nc6 3. Bc4 Bc5 4. d3 Nf6 5. Be3 Bxe3 6. fxe3 d5 7. exd5 Nxd5 8.
Qe2 Be6 9. O-O f6 10. a3 Qd7 11. Nbd2 O-O-O 12. Ne4 Qe7 13. Bb5 Nb8 14. c4 Nb6
15. c5 Nd5 16. Rac1 Bd7 17. Nd6+ Qxd6 18. cxd6 Bxb5 19. e4 Rxd6 20. exd5 Rxd5
21. Ne1 Rd4 22. Rc3 Rhd8 23. Qh5 h6 24. Rf3 Be8 25. Qf5+ R4d7 26. Rg3 Nc6 27.
Nc2 Kb8 28. h3 Ne7 29. Qf3 Nd5 30. Rb3 Nb6 31. Ne3 Bf7 32. Rc3 Nd5 33. Nxd5 Bxd5
34. Qe3 c6 35. b4 b6 36. a4 Kb7 37. Kh2 Bg8 38. a5 b5 39. a6+ Kb8 40. Rxc6 Bh7
41. Qc5 1-0

[Event "World Rapid Women 2025"]
[Site "Doha QAT"]
[Date "2025.12.27"]
[Round "8.62"]
[White "Jarocka, Liwia"]
[Black "Echcharbiny, Wissal"]
[Result "1-0"]
[WhiteTitle "FM"]
[WhiteElo "2258"]
[BlackElo "1726"]
[WhiteFideId "21807558"]
[BlackFideId "9014853"]
[EventDate "2025.12.26"]

1. e4 c6 2. d4 d5 3. e5 Bf5 4. h4 h5 5. c4 e6 6. Nc3 Be7 7. Nf3 Nd7 8. cxd5 exd5
9. Be2 Bg4 10. Ng5 Bxe2 11. Qxe2 Bxg5 12. Bxg5 Ne7 13. e6 fxe6 14. Qxe6 Nf8 15.
Qe2 Qd7 16. O-O-O Qe6 17. Qc2 Nfg6 18. Rhe1 Qf7 19. Rd3 O-O-O 20. Rf3 Qe8 21.
Rfe3 Rd7 22. Qe2 Kd8 23. Na4 b6 24. Re6 Qf7 25. Qc2 Kc8 26. Qe2 Re8 27. Qxh5
Qxf2 28. Qg4 Qf7 29. h5 Nf8 30. Rxe7 Rxe7 31. Bxe7 Nh7 32. Bh4 Kb7 33. Nc3 Nf6
34. Bxf6 gxf6 35. h6 Qh7 36. Qf4 f5 37. a3 Rf7 38. Re8 Rc7 39. Re5 Qg6 40. g3
Rh7 41. Kb1 Qxh6 42. Qxh6 Rxh6 43. Rxf5 Rg6 44. Ne2 Ka6 45. Kc2 Kb5 46. Kd3 a5
47. b3 Ka6 48. Rf1 b5 49. a4 b4 50. Rf3 Kb6 51. Nf4 Rg8 52. Ne6 Rg6 53. Nc5 Rg7
54. Ke3 Re7+ 55. Kf2 Rh7 56. g4 Rh2+ 57. Kg3 Rh7 58. g5 Rg7 59. Kg4 Re7 60. g6
Kc7 61. Rf7 Kd8 62. Rxe7 Kxe7 63. Kf5 Kf8 64. Nb7 1-0

[Event "World Rapid Women 2025"]
[Site "Doha QAT"]
[Date "2025.12.27"]
[Round "8.63"]
[White "Zvereva, Marija"]
[Black "Machlik, Monika"]
[Result "0-1"]
[WhiteTitle "WIM"]
[WhiteElo "2007"]
[BlackElo "2084"]
[WhiteFideId "4121082"]
[BlackFideId "1513621"]
[EventDate "2025.12.26"]

1. f4 d5 2. Nf3 c5 3. g3 Nc6 4. Bg2 Nf6 5. O-O Bf5 6. d3 h6 7. Nc3 d4 8. e4 dxe3
9. Bxe3 e6 10. h3 Be7 11. Ne5 Nxe5 12. fxe5 Nd7 13. Ne4 Qc7 14. Nd6+ Bxd6 15.
exd6 Qxd6 16. g4 Bg6 17. Qf3 O-O 18. Qxb7 Rab8 19. Qc6 Qxc6 20. Bxc6 Nf6 21. b3
Rfc8 22. Bg2 Nd5 23. Bd2 Nb4 24. Rfc1 Nd5 25. a3 Re8 26. Rf1 Rbc8 27. Rae1 Red8
28. Ba5 Re8 29. Re2 Ne7 30. Bc3 Nc6 31. Ref2 Nd4 32. h4 h5 33. g5 Bf5 34. b4 Nb5
35. Bb2 cxb4 36. axb4 Nc3 37. Ra1 Re7 38. Ba3 Nb5 39. Bb2 Nc3 40. Ra3 Nd1 41.
Rd2 Nxb2 42. Ra2 Nxd3 43. cxd3 Rd8 44. Ra3 Rd4 45. Rda2 Rxb4 46. Ra4 Rxa4 47.
Rxa4 Bxd3 48. Kf2 Bf5 49. Ke3 Rc7 50. Kf4 Kh7 51. Ke5 Rc2 52. Bf3 Kg6 53. Kf4
Rc7 54. Ke5 Bd3 55. Rd4 Bf5 56. Ra4 Rc3 57. Bd1 Rh3 58. Rd4 f6+ 59. gxf6 gxf6+
60. Kd6 e5 61. Ra4 Rd3+ 62. Kc5 Rxd1 63. Rxa7 Rd4 64. Ra8 Rxh4 65. Kd6 Rd4+ 66.
Ke7 Rd7+ 67. Ke8 Rh7 68. Ra1 Bg4 0-1

[Event "World Rapid Women 2025"]
[Site "Doha QAT"]
[Date "2025.12.27"]
[Round "8.64"]
[White "Rouda Essa, Alserkal"]
[Black "Berikkyzy Alanna"]
[Result "1-0"]
[WhiteTitle "WGM"]
[BlackTitle "WFM"]
[WhiteElo "2052"]
[BlackElo "2241"]
[WhiteFideId "9314318"]
[BlackFideId "13780719"]
[EventDate "2025.12.26"]

1. e4 c5 2. Nf3 d6 3. Bb5+ Nc6 4. O-O Bd7 5. Re1 Nf6 6. c3 a6 7. Bf1 Bg4 8. d4
Bxf3 9. gxf3 cxd4 10. cxd4 d5 11. e5 Nd7 12. e6 fxe6 13. Rxe6 g6 14. Nc3 Nf6 15.
Bg2 Bg7 16. Be3 O-O 17. Qb3 Na5 18. Qb4 Rf7 19. Re1 Rc8 20. b3 h6 21. Na4 Bf8
22. Qd2 Kh7 23. Bh3 Nc6 24. Nc5 Ne8 25. Nxb7 Qc7 26. Nc5 Ng7 27. Rxc6 Qxc6 28.
Bxc8 Qxc8 29. Bxh6 Rxf3 30. Bxg7 Qg4+ 31. Kh1 Bxg7 32. Qe2 Qf5 33. Kg2 Qg4+ 34.
Kh1 Qf5 35. Kg2 Qg4+ 36. Kh1 Qf5 37. Kg2 Qh3+ 38. Kh1 Rf5 39. Qe3 Qh4 40. Re2
Rh5 41. Qg3 Qxd4 42. Nd3 e5 43. h3 Qa1+ 44. Kh2 Qd1 45. Nxe5 Qxe2 46. Qxg6+ Kg8
47. Qe8+ Bf8 48. Qf7+ Kh8 49. Qxf8+ Kh7 50. Qf7+ Kh8 51. Ng6# 1-0